[Event "IND-CHN Summit"]
[Site "Hyderabad"]
[Date "2015.03.10"]
[Round "8.1"]
[White "Wang, Chen"]
[Black "Adhiban, Baskaran"]
[Result "1-0"]
[WhiteElo "2500"]
[BlackElo "2646"]
[Annotator "Adhiban,B"]
[PlyCount "87"]
[EventDate "2015.03.02"]
[EventType "schev"]
[EventRounds "8"]
[EventCountry "IND"]
[SourceTitle "CBM 166"]
[Source "ChessBase"]
[SourceDate "2015.05.11"]
[SourceVersion "1"]
[SourceVersionDate "2015.05.11"]
[SourceQuality "1"]

{It was the last round of the summit clash and we had to win 3.5/.5 to
equalise the scores! This would explain some of my impulsive decisions in this
game.} 1. e4 c5 2. Nc3 a6 3. g3 b5 4. Bg2 Bb7 5. Nh3 e6 6. O-O Nf6 7. d3 b4 {
The beginning of the impulsive chess!} ({A more restrained way was} 7... d6 8.
f4 Qc7 9. g4 {with a complex fight.}) 8. Na4 $5 (8. Ne2 {only now} d5 {works.})
8... d5 $6 (8... d6 $5 {was a safer alternative.} 9. c3 a5 {Trying to play
against the knight on a4.}) 9. Bg5 $1 {A strong resource after which Black's
under-development becomes a problem.} dxe4 (9... Be7 {is met by the simple} 10.
Bxf6 gxf6 11. Qh5 $1 {with a strong intiative.}) 10. Bxe4 (10. Bxf6 Qxf6 11.
dxe4 (11. Bxe4 Bxe4 12. dxe4 Nd7 {Black's position looks alright.}) 11... Nc6
12. c3 (12. e5 $5 Qxe5 13. Re1 Qc7 14. Nf4 Be7 {White's compensation is
insufficient.}) 12... Be7 $11) 10... Bxe4 11. dxe4 Qxd1 {I thought the endgame
was quite safe.} ({But in reality after} 11... Nc6 {Black had no worries.}) 12.
Raxd1 Nbd7 {If Black manages to complete his development and activate his
forces he will be fine. Easier said than done :).} 13. f3 {White can boast of
an edge due to the better pieces and pawn structure.} c4 $5 {Gaining some
space on the queenside.} 14. Kg2 Rc8 15. b3 Be7 16. Rf2 h6 (16... c3 17. Rff1 {
White is better since Black's pawn structure completely blunts the range of
the e7-bishop.}) 17. Bxf6 Bxf6 (17... gxf6 $5 {didn't look attractive due to
the weakening of the pawn structure but this way White is not able to activate
his rook.} 18. Rfd2 Ne5 19. Nf2 {White is better.}) 18. Rd6 a5 19. Rfd2 (19.
Ra6 Bd8 {Somehow it's not easy for White to either win a pawn or breakthrough
Black's defences.}) 19... Ne5 20. f4 (20. Nf2 g5 $1) 20... Ng4 21. Re2 (21. Kf3
h5 22. Nb6 cxb3 $1) (21. Nb6 {is met by} cxb3) 21... Bd8 22. Nf2 Nf6 23. Rd4 (
23. Nb2 $1 {was better bringing the knight to the juicy square on c4 with a
clearly superior position.}) 23... cxb3 24. cxb3 g5 $5 {I started to get
ambitious here.} (24... O-O {was another way.}) 25. f5 O-O $6 (25... Rc6 $1 {
was of course the best reaction, preventing Rd6.} 26. e5 (26. fxe6) 26... Nd5
27. Ne4 Bc7 {with a fine position.}) ({The simplest way was} 25... exf5 26.
exf5+ Kf8 {which would have equalised on the spot.}) 26. fxe6 fxe6 27. Rd6 {
Needless to say White is clearly in the driver's seat.} Kf7 28. Ra6 h5 29. Ra7+
Kg6 30. Ra6 Re8 $2 {This was just plain stupid, irrespective of the team's
situation I can't hope to win with Black here :).} ({A better try was} 30...
Kf7 {Maybe White wouldn't have repeated but in any case there was no reason
why I didn't opt for this line.}) 31. Nd3 Bc7 (31... Nd7 {was probably the
last chance.} 32. Rd6 Nf8 $16 {holding my terrible position together.}) 32.
Nac5 {It's a matter of technique and good mathematical skills and try to win
as many pawns as possible :).} Bb8 33. e5 Nd5 34. Nxe6 Kh7 35. Nxg5+ Kg7 36.
Nf4 Nxf4+ 37. gxf4 Rc3 38. Rd2 Re7 39. Ne4 Rc1 40. Ng3 Kh7 41. Nf5 Rf7 42. Rh6+
Kg8 43. Rd8+ Rf8 44. Rg6+ {Later on, after some days I came upon a famous
saying by Petrosian "It's much easier to play for a win in a equal position
than from a worse position!" Wish I had known this sooner :).} 1-0

[Event "EU-chT (Men) 11th"]
[Site "Pula"]
[Date "1997.05.??"]
[Round "2.1"]
[White "Hracek, Zbynek"]
[Black "Alterman, Boris"]
[Result "0-1"]
[WhiteElo "2630"]
[BlackElo "2595"]
[Annotator "Alterman,B"]
[PlyCount "78"]
[EventDate "1997.05.05"]
[EventType "team-swiss"]
[EventRounds "9"]
[EventCountry "CRO"]
[SourceTitle "CBM 057 Extra"]
[Source "ChessBase"]
[SourceDate "1997.05.01"]
[SourceVersion "1"]
[SourceVersionDate "1997.05.01"]
[SourceQuality "1"]
[WhiteTeam "Czech Republic"]
[BlackTeam "Israel"]
[WhiteTeamCountry "CZE"]
[BlackTeamCountry "ISR"]

1. e4 {Horvath,T} c5 2. Nc3 g6 3. f4 Bg7 4. Nf3 Nc6 5. Bb5 Nd4 6. O-O (6. Bc4 {
Horvath,T} e6 7. Nxd4 cxd4 8. Ne2 Ne7 9. d3 O-O 10. O-O d6 $6 (10... d5 $142)
11. Kh1 Bd7 12. Bd2 b5 13. Bb3 Qb6 14. a3 f5 15. Ng1 $1 $14 {Zelnin-Motschalov/
Orel/1996}) (6. Bd3 {Horvath,T Polgar,J-Topalov/CBM/56}) 6... Nxb5 7. Nxb5 d6
8. a4 Nf6 9. d3 O-O 10. Qe1 e6 $5 (10... a6 11. Nc3 e6 (11... b6 {Horvath,T}
12. Qh4 e6 13. f5 $36) 12. e5 Nd5 13. Ne4) (10... Ne8 11. f5 $1 gxf5 12. Qh4
$40) 11. Qh4 a6 (11... Nh5 12. g4 (12. Qxd8 $1 Rxd8 13. e5 Bf8 14. Nxd6 Bxd6
15. exd6 Rxd6 16. Be3 b6 17. a5 $16) 12... Qxh4 13. Nxh4 Nf6 14. Nxd6 Nxg4) 12.
Nxd6 Qxd6 13. e5 Qd8 14. f5 exf5 (14... Nd7 $2 15. f6 Bh8 16. Bh6 Re8 17. Rae1
b6 (17... Nf8 18. Kh1 Bd7 19. Ng5 $18) 18. Ng5 Nxf6 19. exf6 Bxf6 20. Rxf6 Qxf6
21. Rf1 $18) (14... Nd5 $2 {Horvath,T} 15. f6 Nxf6 (15... Re8 16. Ng5 h6 17.
fxg7 $18) (15... Bh8 16. Ng5 h5 17. Ne4 Nb4 18. Qg5 $18 {/\ Qh6,Ng5}) 16. Bg5
$18) 15. Bg5 Re8 16. Bxf6 (16. Rae1 Be6 17. Bxf6 Bxf6 18. exf6 Bd5 19. Rxe8+
Qxe8 20. Re1 Qc6 21. Ng5 h5 22. Nh3 Bxg2 23. Nf4 Bf3 24. Re7 $44) (16. exf6 Bf8
17. Rae1 Be6 18. Bd2 h5 $5 $132) 16... Bxf6 (16... Qd5 17. Bxg7 Kxg7 18. Rad1
$16) 17. exf6 Qd6 $1 18. Ng5 Qxf6 $5 (18... h5 19. Nh3 $14 (19. Nh3 {Horvath,T}
Bd7 (19... Qd4+ 20. Qxd4 cxd4 21. Rf4 $16) 20. Nf4 {/\ Nh5})) 19. Qxh7+ Kf8 20.
Ne4 $6 (20. Rae1 Bd7 $2 (20... Rxe1 $1 21. Rxe1 Bd7 22. Nxf7 $2 (22. Qh4 Qxb2
23. Nxf7 Qd4+ 24. Qxd4 cxd4) 22... Qxf7 $4 (22... Re8 $1 23. Rxe8+ (23. Rf1 Re7
$19) 23... Bxe8 24. Nh6 Qg7 $19) 23. Qh8+ Qg8 24. Qf6+ Qf7 25. Qd6+ Kg8 26. Re7
$18) 21. Ne4 Qd4+ 22. Kh1 Bc6 (22... b6) 23. Nd6 $18) 20... Qd4+ 21. Kh1 Be6
22. c3 Qe5 23. Qh6+ (23. Ng5 Qg7 24. Qh4 Kg8 25. Rae1 Bd5) 23... Kg8 (23... Ke7
24. Qh4+ f6 25. Qh7+ Bf7 26. Ng5 $18) 24. Qg5 $2 (24. Ng5 $11) 24... Kg7 25.
Ng3 f6 26. Nh5+ $6 (26. Rae1 fxg5 27. Rxe5 Rad8 $15) 26... Kf7 27. Qh6 gxh5 28.
Qh7+ Kf8 29. Rae1 Qd6 (29... Qd5 $5 30. Re3 Qd7 31. Qh8+ Ke7 32. Qg7+ Kd6 33.
Qxf6 Kc7 $1 34. Rfe1 Rad8 (34... Qf7 $1 35. Qe5+ Kc6 $140 $1 36. b4 (36. Qf4
Rad8 $17) 36... Bd5 $19) (34... Qd8 $2 35. Qg7+ Qd7 36. Qg3+ $44)) 30. Re3 f4
$4 (30... Qd7 $1) 31. Re4 Bg4 (31... Qd7 32. Qh8+ Ke7 33. Qg7+ Kd6 34. Qxf6
Rad8 35. Rfe1 $40) 32. Qh6+ Kf7 33. Rexf4 Re6 34. h3 $1 (34. Qh7+ Kf8 35. Rxg4
hxg4 36. Qh8+ Kf7 37. Qxa8 Qxd3 38. Qxb7+ Re7 39. Qb3+ c4 40. Qd1 Qxd1 41. Rxd1
Re2 $11) 34... Rg8 $2 $138 (34... Be2 35. Qh7+ Kf8 36. Qh8+ Kf7 37. Qxa8 Bxf1
38. Rxf1 Qxd3 39. Qxb7+ Re7 (39... Kg6 40. Kg1 (40. Qf3 Qxf3 41. Rxf3 Re2 42.
b3 Rb2 43. c4 h4 $1 44. Kg1 (44. g3 hxg3 45. Rxg3+ Kh5 46. Kg1 f5 47. Kf1 Kh4
48. Rd3 f4 49. Ke1 Rg2 50. Rf3 Kg5 51. Kf1 Rb2 $11) 44... f5 $11) 40... Qe3+
41. Kh1 Qe2 $14) 40. Qf3 Qxf3 41. Rxf3 Kg6 42. b4 (42. Rf4 Re1+ 43. Kh2 Rb1 44.
Rc4 Rxb2 45. Rxc5 Ra2 46. Ra5 Rc2 47. Rxa6 Rxc3 48. Ra8 Ra3 49. a5 Kf5 50. a6
h4 51. Kg1 Kf4 52. a7 f5 53. Kf2 Ra2+ 54. Ke1 Ra6 55. Kd2 Rd6+ 56. Kc3 Rd7 57.
Kc4 Rg7 58. Kd5 Kg5 59. Ke6 Kg6 60. Kd5 Kg5 61. Ke5 Re7+ $11) 42... cxb4 43.
cxb4 Re1+ 44. Kh2 Rb1 45. Rf4 Kg5 46. Rc4 (46. g3 Rb2+ 47. Kg1 Rb3 48. Kg2 Rb2+
49. Kf1 Rb3 50. h4+ Kg6) 46... h4 $11) 35. hxg4 hxg4 36. Qh5+ (36. d4 $1 cxd4
37. cxd4 $140 $18 Rg6 38. Qh5 $18) (36. Kg1 $18) 36... Kf8 37. Qh6+ (37. Rxg4 {
Horvath,T} Rxg4 38. Qxg4 Qxd3 39. Rd1 Qe2 $10) 37... Kf7 38. Qh5+ Kf8 39. d4 $4
(39. Qh6+ $10 {Horvath,T}) 39... Qxf4 0-1

[Event "Hoogovens"]
[Site "Wijk aan Zee"]
[Date "1996.01.21"]
[Round "7"]
[White "Anand, Viswanathan"]
[Black "Gelfand, Boris"]
[Result "1-0"]
[WhiteElo "2725"]
[BlackElo "2700"]
[Annotator "Anand,V"]
[PlyCount "49"]
[EventDate "1996.01.13"]
[EventType "tourn"]
[EventRounds "13"]
[EventCountry "NED"]
[EventCategory "17"]
[SourceTitle "CBM 051"]
[Source "ChessBase"]
[SourceDate "1996.04.01"]
[SourceVersion "1"]
[SourceVersionDate "1996.04.01"]
[SourceQuality "1"]

1. e4 {Bangiev Ftacnik} c5 2. Nc3 d6 3. f4 g6 4. Nf3 Bg7 5. Bc4 Nc6 6. d3 e6 7.
O-O Nge7 8. Qe1 $1 {Ftacnik: This line is coming into vogue, white has a
simple plan of attacking black's castling position after 0-0.} h6 (8... d5 $2
9. exd5 exd5 10. Nxd5 $1) (8... O-O 9. f5 $5 exf5 10. Qh4 $1 $40) 9. Bb3 a6 (
9... O-O $2 {Ftacnik} 10. f5 $1 (10. Qh4 $14) 10... exf5 11. Qh4 $16) (9... Nd4
{Ftacnik} 10. Nxd4 cxd4 11. Ne2 O-O 12. Bd2 (12. Qf2 Nc6 13. Bd2 Kh7 14. c3 (
14. Ng3 f5 15. Rae1 Bd7 {1/2-1/2 Boronyak,A-Orgovan,S/HUN-chT 9293/1993/})
14... Qb6 15. Nxd4 Nxd4 16. Be3 Qa6 17. Bxd4 Qxd3 18. Bxg7 Kxg7 19. Rad1 Qxe4
20. Rxd6 b6 {1/2-1/2 Giorgadze,G-Novikov,I/Manila olm/1992/ (28)}) 12... Bd7
13. a4 Nc6 14. g4 Kh7 15. h4 Qe7 16. Qf2 f5 17. exf5 exf5 18. g5 Be6 19. Nc1
Rae8 20. Re1 Qd7 21. Bxe6 Rxe6 22. Rxe6 Qxe6 23. Nb3 Rc8 {0-1 Amos,F-Sziraki,T/
Eger op (08)/1994/ (35)}) (9... Rb8 {Ftacnik} 10. a4 Nd4 11. Nxd4 cxd4 12. Ne2
O-O 13. Qf2 Nc6 14. Ng3 f5 15. exf5 gxf5 16. Nh5 Bh8 17. Bd2 Qe8 18. Qh4 Qe7
19. Qh3 Bd7 20. Rae1 Kh7 21. Re2 Qf7 22. Rfe1 {1-0 Boronyak,A-Horvath,S/
Zalaegerszeg op/1992/ (40)}) 10. e5 $1 {Bangiev: Dieser Zug gestattet Weiß,
schwarze Felder in gegnerischen Lager wesentlich zu schwächen. In der Praxis
wurden bislang andere Fortsetzungen verwendet.} (10. a4 $5 Rb8 11. Qg3 Nd4 $6 (
11... b5 $5 12. f5 exf5 13. Bf4 c4 $1 $13 {Anand,V}) 12. Nxd4 cxd4 13. Ne2 b5
14. axb5 axb5 15. Qf2 $1 Qb6 16. f5 exf5 17. exf5 gxf5 $8 18. Ng3 $5 (18. Nf4
$16) 18... Be5 19. Bf4 Be6 20. Rae1 {1/2-1/2 Anand,V-Gelfand,B/Reggio Emilia/
1991/ (44)}) (10. Be3 Na5 11. e5 Nxb3 12. axb3 Nf5 13. Ne4 O-O 14. Bf2 b6 15.
b4 dxe5 16. fxe5 Nd4 17. Nxd4 cxd4 18. Nd6 Qc7 19. Rc1 Bd7 20. Bxd4 {1-0
Reinderman,D-Cifuentes Parada,R/NLD-ch (04)/1995/ (37)}) 10... Nf5 {Bangiev:
Schwarz beabsichtigt das Manöver Nf5-d4 mit der Idee, den Springer f3
abzutauschen und den Bauern e5 zu beseitigen.} (10... dxe5 11. fxe5 g5 $1 (
11... Nxe5 12. Nxe5 Qd4+ 13. Kh1 (13. Be3 Qxe5 14. Qf2 $2 Qxe3 $1 15. Qxe3 Bd4)
13... Qxe5 14. Qf2 $1 $44 (14. Ne4 $16 {Bangiev /\15.Bf4} O-O $6 (14... f5 15.
Bf4 Qxb2 16. Nd6+ $16) (14... Qc7 15. Bf4 e5 16. Bxf7+ $1 $16) 15. Bxh6 f5 16.
Bf4 (16. Bxg7 Kxg7 17. Ng5 $16) 16... Qxb2 17. Rb1 Qd4 18. Ng5 $18)) 12. Ne4 g4
13. Nf6+ $1 $14) (10... d5 {Bangiev} 11. Qf2 b6 12. Bd2 Na5 (12... O-O $6 13.
Ne2 $5 Bb7 14. a4 $16 {/\a4-a5}) 13. Ne2 Nxb3 14. axb3 {/\15.b4} Nc6 15. d4 $14
) 11. Kh1 $1 (11. Ne4 dxe5 12. Nxc5 exf4 13. c3 g5 $15) 11... Nfd4 (11... Ncd4
$5 {Van Wely suggested this to us a couple of days later, but we were on our
way to a dinner hosted by te organisers and were in no mood to analyze!}) (
11... d5 12. Ne2 $14 (12. Qf2 {Bangiev,A} b6 13. Bd2 $14)) (11... O-O 12. Ne4
c4 13. dxc4 dxe5 14. g4 $1 $14) 12. Ne4 {Bangiev: Dies soll den Druck auf den
Felder d6,f6,c5 verstärken.} (12. Nxd4 cxd4 13. Ne4 dxe5 14. Qg3 $5 (14. fxe5
Bxe5 (14... Nxe5 15. Qg3 $1 g5 16. Bf4 $1 $18)) 14... Qe7 $1 $8 (14... O-O 15.
f5 $1 exf5 16. Bxh6 $1 (16. Qxg6 Kh8 17. Bxf7 Ne7 $1) 16... Ne7 $1 17. Bg5 $1
fxe4 18. Qh4 $16) 15. fxe5 Bxe5 16. Bf4 Bxf4 17. Rxf4 f5 $1 $8 (17... O-O 18.
Rf6 $1 $40) 18. Qxg6+ Kd8 19. Ng3 (19. Nc5 Re8 $1) 19... Qg5 $1) 12... Nxf3 (
12... dxe5 13. Nxe5 $1 $40) 13. Rxf3 (13. Nxd6+ $2 Qxd6 $19) 13... dxe5 14.
fxe5 Nxe5 (14... Bxe5 15. Qf2 $1 $16 (15. Nxc5 Bxh2 16. Bxe6 $1 $16)) 15. Rf1 {
Ftacnik: Black has decided to postpone the castling, but with a pawn sacrifice
White has already begun his attack all the same. Bangiev: Die kritische
Stellung. Für einen Bauern hat Weiß Entwicklungvorspung und gute
Angriffschancen.} g5 $1 $8 (15... O-O 16. Bxh6 $1 Bxh6 (16... Nxd3 17. Qe3 $1
$40 (17. Qe3 Nxb2 18. Bxg7 Kxg7 19. Qxc5 $40)) 17. Nf6+ Kg7 18. Qxe5 Qd4 19.
Qg3 $1 $16 (19. Rae1 Qxe5 20. Rxe5 b6 21. g4 $5 $16 {/\g4-g5} g5 22. Nh5+ Kh7
23. Rf6)) (15... Qe7 16. Qg3 (16. Bf4 $36 f5 17. Qg3 $5 $16) 16... g5 17. Bf4
$1 $16) (15... b6 16. Bf4 $44) 16. Qg3 {Bangiev: Es droht 17.h4 oder 17.Bf4} (
16. Nxc5 O-O 17. Qe4 Qe7 $13) 16... O-O (16... b6 17. Bf4 $1 Qc7 18. Rae1 $40)
(16... f5 $6 17. Bf4 $5 (17. Nxc5 Qe7 $14) 17... fxe4 (17... gxf4 18. Qxg7 $18)
18. Bxe5 Qe7 19. Bd6 Qd7 20. dxe4 $18) (16... Rg8 17. Nxc5 $16) 17. Bxg5 $5 {
This piece sac allows Black to survive, so it is probable that White should
look for an improvement earlier. Still, Black has to walk a tightrope for
several moves. Ftacnik:  Anand was certainly in the mood to experiment with
less ususal ideas in Wijk. It is impossible to call this sacrifice fully
answerable. Mit diesem Zug werden Linien und Diagonalen auf dem Königsflügel
geoffnet.} (17. Nxc5 b6 18. Ne4 Bb7 $10 (18... f5 19. Nd2 Qd6 $13) (18... Bb7
19. Be3 $14)) 17... hxg5 18. Nxg5 {Bangiev: /\ Qh4 Es droht 19.Qh4} Ng6 $8 {
Bangiev: Dieser Zug ist gegen die Drohung 19.Qh3 oder 19.Qh4 gerichtet.} (18...
Qd4 19. Qh3 $1 $18) (18... b5 19. Rae1 Ng6 20. Nxf7 $1 $40) 19. Rae1 $1 {
Bangiev: Die weißen Kräfte sind auf dem Königsflügel konzentriert,
sprungbereit zum entscheidenden Angriff.} (19. Qg4 $2 Qd4 (19... Bf6) 20. Qh5
Qh4 $19) 19... Qe7 {Bangiev: Die Alternative ist 19...Bf6} (19... c4 20. Bxc4
b5 21. Bb3 Bb7 $2 22. Rxe6 $1 $18) (19... Bxb2 20. Nxf7 $1 (20. Nxe6 Bxe6 21.
Bxe6 Kg7 $1) (20. Bxe6 $5 Be5 (20... fxe6 21. Nxe6 Rxf1+ 22. Rxf1 Bxe6 23.
Qxg6+ $16) 21. Rxe5 fxe6 22. Ree1 Kg7 $15) 20... Rxf7 21. Qxg6+ Rg7 22. Bxe6+
Bxe6 23. Qxe6+ Kh8 24. Re3 Rh7 25. Rf7 $40) (19... Bf6 $5 20. Rxe6 $5 (20. Nxf7
$2 Kxf7 $17) (20. Ne4 $2 Bh4 $17) (20. Nxe6 fxe6 21. Qxg6+ (21. Rxe6 Kg7 $1 (
21... Bxe6 22. Qxg6+ Kh8 23. Qh6+ Kg8 24. Bxe6+ $18) 22. Rd6 Qe7 23. h4 Qe5 $17
) 21... Bg7 22. Bxe6+ Bxe6 23. Qxe6+ Kh8 $13) (20. Rf5 $6 Kg7 $17 (20... exf5
$2 21. Nxf7 Rxf7 22. Qxg6+ Kh8 23. Bxf7 Qf8 24. Re8 Qxe8 25. Qh6#)) 20... Bxe6
(20... Bxg5 $2 21. Rxg6+ $18) 21. Nxe6 Qe7 $1 (21... fxe6 $2 22. Qxg6+ $18) (
21... Qb8 $6 22. Nxf8 Qxg3 23. hxg3 $16) 22. Nc7 {/\23.Qxg6} (22. Nf4 $6 Kh7 (
22... Kg7 $2 23. Nh5+ $16) 23. Nd5 (23. Qh3+ Bh4 $19) 23... Bh4 $19) (22. Nxf8
Kxf8 $8 23. Qf3 Kg7 24. Bd5 Ne5 25. Qe4 $13) 22... Kg7 23. Nd5 Qe2 $5 (23...
Qe5 24. Nxf6 Qxg3 25. Nh5+) (23... Bh4 24. Nxe7 Bxg3 25. Nf5+ Kh7 26. Nxg3) 24.
Re1 Bh4 25. Rxe2 Bxg3 26. hxg3 $13) (19... Bh6 $2 20. Nxf7 Rxf7 21. Qxg6+ $18)
20. Rf5 $3 {[#] The N must be protected! Ftacnik: White puts lot of phantasy
in his attacking attempts. Bangiev: [#] Ein ausgezeichneter Zug. Es droht 21.
Qh3.} Bf6 {Dies wird widerlegt. Die Alternative 20...Bh6 wäre besser gewesen.}
(20... Bh6 21. h4 {And Black seems to have no defence against h4-h5.} (21. Nxf7
$6 Kh7 $1 {Gelfand} (21... Rxf7 22. Qxg6+ Bg7 (22... Rg7 23. Qxh6 $18) 23. Rxe6
Bxe6 24. Bxe6 Raf8 25. Rg5 $1 $18 {/\26.Qxg7} Qf6 (25... Kh8 $8 26. Rh5+ Bh6
27. Rxh6+ Rh7 28. Kg1 Qg7 29. Rxh7+ Qxh7 30. Qg5 $16) 26. Qxf6 {Isn't that a
nice pair of pins?}) (21... Kg7 $1 22. Ne5 Rf6 (22... exf5 23. Qxg6+ Kh8 24.
Qxh6+ $18) (22... Rxf5 $6 23. Qxg6+ Kf8 (23... Kh8 24. Qxf5 $16) 24. Qxf5+ $1
exf5 25. Ng6+ $16) 23. Rh5 $16) 22. Nxh6 Kxh6 $44) (21. Nxe6 $2 Bxe6 22. Bxe6 (
22. Rxe6 fxe6 23. Qxg6+ Qg7) 22... fxe6 23. Qxg6+ Qg7 24. Qxe6+ Kh7 $13) 21...
Bxg5 (21... c4 $5 22. Bxc4 b5 23. Bb3 (23. Bd5 Ra7 24. h5 exf5 $5 (24... Bxg5
25. Rxg5 exd5 26. Rxe7 Rxe7 27. hxg6 $16) 25. Rxe7 Nxe7 (25... Rxe7 26. hxg6
$16) 26. Ne6+ (26. Nxf7+ Kh7 27. Nxh6 Nxd5 $17) 26... Kh7 27. Nxf8+ Bxf8 $13)
23... Bb7 $5 (23... Qb4 24. Re4 Qxe4 25. dxe4 exf5 26. Nxf7 $16) (23... Kh8 24.
h5 exf5 25. Rxe7 Nxe7 26. Nxf7+ Rxf7 27. Bxf7) 24. h5 Qb4 $1 (24... exf5 25.
Rxe7 Nxe7 26. Nxf7+ Kh7 27. Nxh6 $16) 25. Nxf7 (25. c3 $2 Qh4+ $17) (25. hxg6
exf5 26. gxf7+ Kh8 $17) (25. Rxf7 $5 Rxf7 (25... Qxe1+ 26. Qxe1 Rxf7 27. Nxf7
Kxf7 28. hxg6+ $18) 26. Nxf7 Qh4+ 27. Qxh4 Nxh4 28. Nxh6+ Kg7 29. Rxe6 (29. Ng4
Nxg2 $13) 29... Bxg2+ 30. Kh2 $16) 25... Qh4+ (25... Qxe1+ 26. Qxe1 exf5 27.
Nxh6+ Kh7) 26. Qxh4 Nxh4 27. Nxh6+ Kg7 28. Rxf8 Rxf8 29. Rxe6 $16 (29. Ng4 Nxg2
$13)) (21... Kg7 22. h5 Bxg5 23. Rxg5 Rh8 (23... Qf6 24. hxg6 Rh8+ 25. Kg1 $16)
24. Rxg6+ (24. Kg1 Rh6 $13) 24... Kf8 (24... fxg6 $2 25. Qxg6+ $18) 25. Rg5 $16
) (21... Kh8 $5 22. h5 exf5 (22... Bxg5 23. Rxg5 $16) 23. Rxe7 Nxe7 24. Nxf7+
Rxf7 25. Bxf7 Bg7 26. h6 Bxh6 27. Qe5+ $16) 22. Rxg5 Kg7 23. h5 $16) (20...
exf5 $2 21. Rxe7 Nxe7 22. Qh4 Rd8 23. Qh5 $18) 21. Nxe6 fxe6 $4 {Ftacnik:
Gelfand was so shocked, that he goes down without the fight. The correct} (
21... Re8 $1 {Ftacnik: could have pointed to some weak points in white's
concept.} 22. Re4 $1 (22. Ref1 Bh4 $1 {Gelfand pointed this out to me much
later - our conclusion at the post mortem was that White was in no danger of
losing after 22.Ref1} (22... Bxe6 23. Bxe6 Qxe6 24. Rxf6 Qe5 25. Qf3 $44)) (22.
Qf3 Nh4 (22... Be5 $2 23. Rxf7 $1 Qh4 24. Rxe5 Bxe6 25. Rxe6 Rxe6 26. Qf1 Rae8
27. Rf6 $18) (22... Bh4 23. Rxf7 Qxf7 24. Qxf7+ Kxf7 25. Nc7+ Be6 26. Rxe6 Rxe6
27. Bxe6+ Ke7 28. Nxa8 Kxe6 29. Nb6 $13) 23. Qg4+ Ng6 24. Qf3) (22. Rff1 Bxe6 (
22... fxe6 23. Qxg6+ Bg7 24. Rf6 $1 Qxf6 25. Qxe8+ Qf8 26. Bxe6+ Bxe6 27. Qxe6+
Qf7 28. Qb6 $13) 23. Bxe6 fxe6 24. Qxg6+ Bg7 25. Rf3 Rf8 $15) 22... Bxe6 23.
Bxe6 fxe6 24. Qxg6+ Bg7 25. Rf3 $44 {Here White still should be able to make a
draw because of the reduced material.} (25. Rh5 {Ftacnik} Qf6 26. Qxf6 Bxf6 27.
Rxc5 $13)) 22. Rxe6 $1 {[#] Bangiev: Mit dem Textzug gab Weiß dem Angriff den
entscheidenden Auftrieb.} (22. Qxg6+ $2 Qg7 (22... Bg7 $17) 23. Rxe6 Qxg6 24.
Rexf6+ Kh7 $1 $8 {-+}) (22. Bxe6+ $2 Bxe6 23. Rxe6 Qg7 $1 $17) 22... Kg7 (22...
Bxe6 23. Qxg6+ Qg7 (23... Bg7 24. Bxe6+) 24. Bxe6+ Kh8 (24... Rf7 25. Bxf7+ Kf8
26. Qxf6 $18) 25. Rh5+) 23. Rxe7+ Bxe7 24. Rxf8 Bxf8 25. h4 $1 {And Boris
resigned.} (25. h4 Kh7 26. h5 Ne7 27. Qf3 (27. Qf4 Bd7 28. Qf6 Bc6 29. Bf7 $18)
27... Bf5 28. Qxb7 $18) 1-0

[Event "Bucharest Super"]
[Site "Bucharest"]
[Date "1996.??.??"]
[Round "?"]
[White "Savchenko, Stanislav"]
[Black "Atalik, Suat"]
[Result "1/2-1/2"]
[WhiteElo "2585"]
[BlackElo "2535"]
[Annotator "Atalik,S"]
[PlyCount "92"]
[EventDate "1996.??.??"]
[EventType "tourn"]
[EventRounds "9"]
[EventCountry "ROU"]
[EventCategory "12"]
[SourceTitle "EXT 1999"]
[Source "ChessBase"]
[SourceDate "1998.11.16"]
[SourceVersion "1"]
[SourceVersionDate "1998.11.16"]
[SourceQuality "1"]

1. e4 c5 2. Nc3 Nc6 (2... d6) 3. f4 g6 4. Nf3 Bg7 5. Bc4 (5. Bb5) 5... e6 6. f5
Nge7 7. fxe6 dxe6 $5 8. d3 h6 $44 (8... O-O) 9. O-O g5 10. Ne2 (10. Be3 Nd4 11.
Ne2 Nec6) 10... g4 11. Ne1 Ng6 12. Be3 Bxb2 13. Rb1 (13. Bxc5 Qg5 14. Bd6 Qe3+
15. Rf2 Nd4 $1) 13... Bd4 14. Nxd4 cxd4 15. Bd2 Nce5 16. Bb5+ Kf8 (16... Bd7
17. a4 a6 18. Bxd7+ Qxd7 $13) 17. Qc1 Kg7 18. c3 a6 19. cxd4 Qxd4+ 20. Be3 Qd8
21. Ba4 b5 (21... Nxd3 22. Qc3+ Nde5 23. Bd4 f6 24. Nd3 $18) 22. Bb3 Bd7 23.
Rb2 $6 (23. d4 Nc4 24. Bxc4 bxc4 25. d5 e5 26. Rb6 $1) 23... Rc8 24. Qa1 f6 $6
(24... h5 25. Rbf2 Be8 26. Bd4 Qd6 27. Nc2 Kg8) 25. Rbf2 Rf8 26. Qd1 h5 27. d4
(27. Qd2 Kh7 28. Bh6 Rf7 29. Bg5 fxg5 30. Rxf7+ Nxf7 31. Rxf7+ Kg8) 27... g3 $1
28. hxg3 Ng4 29. Rf3 e5 $1 30. dxe5 N6xe5 31. Bd4 Nxf3+ 32. gxf3 Ne5 33. Ng2 $1
Ng6 34. Ne3 Bh3 $2 (34... Qe7 35. Nd5 Qd6 36. f4 Bg4 37. Qa1) 35. Rf2 Qd6 36.
Kh2 h4 37. f4 Bd7 38. Nd5 (38. Nf5+ Bxf5 39. exf5 Rc1 40. Qg4 hxg3+ 41. Kg2 (
41. Kxg3 Rg1+ 42. Rg2 Qxf4+ $19) 41... Qc6+ 42. Rf3 Qe8 43. Qxg6+ $16 (43. Rxg3
$2 Qe4+ 44. Rf3 Qxf5 $19)) 38... hxg3+ 39. Kxg3 Rcd8 40. Nxf6 Rxf6 41. e5 Nxe5
42. Bxe5 Qxd1 $8 (42... Qxe5 43. fxe5 Rg6+ 44. Kf4 Rf8+ 45. Ke3 Rg3+ 46. Kd4
Rxf2 47. Kc5 $18) 43. Bxd1 Bf5 44. Bc2 Kg6 45. Bxf6 Kxf6 46. Rh2 $1 Bxc2 (46...
Bxc2 47. Rxc2 Rd6 $11) 1/2-1/2